বাংলাদেশ জনপদের ইতিহাস ও সংস্কৃতি /

Bibliographic Details
Main Author: সেন্দেল, ভেলাম ভান (Author)
Other Authors: রহমান, মোঃ মাহবুবর (Translator), ফাতেমা, কানিজ (Translator), কিংশুক ঋতি, দীপান্বিতা (Translator)
Format: Book
Language:English
Bengali
Published: ঢাকা : ইউনিভার্সিটি প্রেস লিমিটেড, ২০২৪
Subjects:
Classic Catalogue: View this record in Classic Catalogue
LEADER 02597nam a22003617a 4500
001 44861
003 BD-DhAAL
005 20250924133114.0
008 250924r20252024bg a|||| b||| 001 0 eng d
020 |a 9789845064873  |q hardcover 
040 |a BD-DhAAL  |c BD-DhAAL 
041 |a ben  |h eng 
082 |a 954.92  |2 23 
100 |a সেন্দেল, ভেলাম ভান,  |e author.  |9 18604 
240 1 2 |a A history of Bangladesh.  |l Bengali 
245 |a বাংলাদেশ জনপদের ইতিহাস ও সংস্কৃতি /  |c ভেলাম ভান সেন্দেল ; মোঃ মাহবুবর রহমান, কানিজ ফাতেমা ও দীপান্বিতা কিংশুক ঋতি অনূদিত. 
246 |a Bangladesh jonopoder itihash o songskriti 
260 |a ঢাকা :  |b ইউনিভার্সিটি প্রেস লিমিটেড,  |c ২০২৪  |g (২০২৫ মুদ্রণ) 
300 |a xxvi, ৪৫৬ পৃষ্ঠা :  |b চিত্র ;  |c ২২ সে.মি. 
500 |a প্রথম প্রকাশ 
504 |a গ্রন্থপঞ্জিগত নির্দেশিকা (পৃষ্ঠা [৩৮৭]-৪৩৬) ও নির্ঘণ্ট অন্তর্ভুক্ত। 
526 |a AAL  |x Ayesha Abed Library, BRAC University 
541 |a Hye Trade International  |e 44861, 44862, 44863 
651 |a Bangladesh  |x History. 
700 |a রহমান, মোঃ মাহবুবর,  |e translator.  |9 26175 
700 |a ফাতেমা, কানিজ,  |e translator.  |9 21373 
700 |a কিংশুক ঋতি, দীপান্বিতা,  |e translator.  |9 59475 
852 |a Ayesha Abed Library  |c General Stacks 
942 |c BK  |2 ddc 
999 |c 47596  |d 47596 
952 |0 0  |1 0  |2 ddc  |4 0  |6 954_920000000000000_SCH  |7 0  |9 78265  |a BRACUL  |b BRACUL  |c GEN  |d 2025-09-23  |e Hye Trade International  |g 735.00  |l 0  |o 954.92 SCH  |p 3010044863  |r 2025-09-23  |t 3  |v 1470.00  |w 2025-09-23  |y BK  |x Requisitioned by Ayesha Abed Library, BRAC University. 
952 |0 0  |1 0  |2 ddc  |4 0  |6 954_920000000000000_SCH  |7 0  |9 78266  |a BRACUL  |b BRACUL  |c NEW  |d 2025-09-23  |e Hye Trade International  |g 735.00  |l 2  |m 5  |o 954.92 SCH  |p 3010044861  |q 2026-04-09  |r 2026-01-31  |s 2026-01-31  |t 1  |v 1470.00  |w 2025-09-23  |y BK  |x Requisitioned by Ayesha Abed Library, BRAC University. 
952 |0 0  |1 0  |2 ddc  |4 0  |6 954_920000000000000_SCH  |7 0  |9 78267  |a BRACUL  |b BRACUL  |c GEN  |d 2025-09-23  |e Hye Trade International  |g 735.00  |l 0  |o 954.92 SCH  |p 3010044862  |r 2025-09-23  |t 2  |v 1470.00  |w 2025-09-23  |y BK  |x Requisitioned by Ayesha Abed Library, BRAC University.